Consult (Record no. 119016)

MARC details
000 -LEADER
fixed length control field 00575cas a22002175a 4500
001 - CONTROL NUMBER
control field L138710
008 - FIXED-LENGTH DATA ELEMENTS--GENERAL INFORMATION
fixed length control field 070704c20002004xxkmr p 0 a0eng u
022 1# - INTERNATIONAL STANDARD SERIAL NUMBER
International Standard Serial Number 1472-1430
035 ## - SYSTEM CONTROL NUMBER
System control number (Sirsi) u138710
041 0# - LANGUAGE CODE
Language code of text/sound track or separate title eng
110 2# - MAIN ENTRY--CORPORATE NAME
Corporate name or jurisdiction name as entry element Association of Consulting Engineers
9 (RLIN) 1225
245 00 - TITLE STATEMENT
Title Consult
260 ## - PUBLICATION, DISTRIBUTION, ETC.
Place of publication, distribution, etc. London
Name of publisher, distributor, etc. ACE
Date of publication, distribution, etc. 2000-2004
362 0# - DATES OF PUBLICATION AND/OR SEQUENTIAL DESIGNATION
Dates of publication and/or sequential designation (6) September 2000-(47) October/November 2004
520 ## - SUMMARY, ETC.
Summary, etc. Kept for five years
554 ## -
-- 10 per year
651 #4 - SUBJECT ADDED ENTRY--GEOGRAPHIC NAME
Geographic name United Kingdom
Chronological subdivision
690 ## - LOCAL SUBJECT ADDED ENTRY--TOPICAL TERM (OCLC, RLIN)
Topical term or geographic name as entry element BUILT ENVIRONMENT-ENGINEERING
785 00 - SUCCEEDING ENTRY
Title Impact
942 ## - ADDED ENTRY ELEMENTS (KOHA)
Suppress in OPAC 0
Holdings
Withdrawn status Lost status Source of classification or shelving scheme Damaged status Not for loan Home library Current library Shelving location Date acquired Total Checkouts Full call number Barcode Date last seen Price effective from Koha item type
    Dewey Decimal Classification     London London Gallery 04/07/2007   IMPACT 138710-1001 06/08/2019 06/08/2019 Journal